LDR 01016naa#a2200181#i#450# 001 RU\\bibl\119555 005 20260425073340.6 011 ## _a2658-3569 100 ## _a20260421b2026####ek#y0rusy0150####ca 102 ## _aRU 200 1# _aТеории влияния ESG-факторов на деятельность публичных компаний: возможность применения в современной практике _eЖурнальная статья 210 1# _aМосква _cЭлектронная наука _d2026 215 ## _a15 с. 608 ## _aЖурнальная статья _2local 675 ## _aТеория и организация труда. Взаимоотношения между предприятием и персоналом, между работодателями и работающими, между трудом и капиталом. 331.1 _z 700 #1 _aГудкова _gОксана Евгеньевна 700 #1 _aКострова _gЮлия Борисовна 856 4# _aiacj.ru _u